Besos en guerra. Morat - Estadísticas

Estadísticas generales
  • Esta prueba ha sido intentada 159 veces
  • La puntuación promedio es 305 de 354
Estadísticas de respuestas
Respuesta % Correcto
si
100%
99%
a
97%
beso
97%
en
97%
Y
97%
besos
95%
mi
95%
95%
Que
95%
que
95%
de
94%
es
94%
la
94%
me
94%
No
94%
no
94%
te
94%
tus
94%
yo
94%
Yo
94%
Siempre
93%
amor
92%
con
92%
guerra
92%
matan
92%
ti
91%
he
90%
un
90%
Ya
90%
está
88%
sabido
88%
corazón
87%
dolor
87%
eres
87%
esa
87%
ileso
87%
moriré
87%
Nunca
87%
nunca
87%
por
87%
Porque
87%
riman
87%
saldría
87%
pedir
86%
perdón
86%
promesas
86%
aunque
85%
dijo
85%
experta
85%
latidos
85%
mentira?
85%
olvidar
85%
¿Quién
85%
son
85%
atrevas
84%
Dos
84%
fácil
84%
juraste
84%
amigos
83%
eras
83%
Sabiendo
83%
tienes
83%
arrepiento
81%
caso
81%
hagas
81%
Para
81%
para
81%
bastará
80%
demasiado
80%
robarle
80%
testigos
80%
cuidarme
79%
enamorado
79%
morirá
79%
otra
79%
solo
79%
estoy
78%
mitad
78%
peor
78%
soldado
78%
oh
77%
sufriendo
77%
confieso
76%
estar
76%
más
76%
al
74%
fue
74%
quiero
72%
juego
70%
perdí
70%
vas
70%
Ganaré
69%
adviertan
67%
conquistarte
67%
casualidad
66%
perdida
65%
vida
64%
vuelves
64%
admitir
63%
estés
60%
podría
60%
batallas
57%
aceptar
56%
oh-oh
43%
hoy
42%
oh-oh-oh
33%
No se encontraron pruebas coincidentes
Distribución de puntuación
Porcentaje de gente con cada puntuación
Porcentaje por número respondido
Historial de tus puntuaciones
No has intentado esta prueba.